English translation of the Conversational exercises. (Record no. 53951)

MARC details
000 -LEADER
fixed length control field 00632cam a22002291 4500
001 - CONTROL NUMBER
control field sa 63001413
003 - CONTROL NUMBER IDENTIFIER
control field DLC
005 - DATE AND TIME OF LATEST TRANSACTION
control field 20260227111927.0
008 - FIXED-LENGTH DATA ELEMENTS--GENERAL INFORMATION
fixed length control field 821215s1925 xx 000 0 eng
010 ## - LIBRARY OF CONGRESS CONTROL NUMBER
LC control number sa 63001413
035 ## - SYSTEM CONTROL NUMBER
System control number (OCoLC)16762841
040 ## - CATALOGING SOURCE
Original cataloging agency DLC
Transcribing agency OrPS
Modifying agency DLC
042 ## - AUTHENTICATION CODE
Authentication code premarc
050 00 - LIBRARY OF CONGRESS CALL NUMBER
Classification number PK1985
Item number .A913
110 2# - MAIN ENTRY--CORPORATE NAME
Corporate name or jurisdiction name as entry element Aziz-ur-Rahman.
240 00 - UNIFORM TITLE
Uniform title Conversational exercises.
Language of a work English.
245 00 - TITLE STATEMENT
Title English translation of the Conversational exercises.
250 ## - EDITION STATEMENT
Edition statement 1st ed.
260 ## - PUBLICATION, DISTRIBUTION, ETC.
Place of publication, distribution, etc. Dehli,
Date of publication, distribution, etc. 1925.
300 ## - PHYSICAL DESCRIPTION
Extent 128 p.
Dimensions 18 cm.
650 #0 - SUBJECT ADDED ENTRY--TOPICAL TERM
Topical term or geographic name entry element Hindustani language
General subdivision Conversation and phrase books.

No items available.

Powered by Koha